000 00583nam a22002177a 4500
005 20240912064609.0
008 230818b |||||||| |||| 00| 0 eng d
020 _a9780409019070
020 _a9780409019087
041 _aEnglish
044 _cSouth Africa
082 _a347.1 CIL
245 _aLaw of Costs /
_cAC Cilliers
260 _aJohannesburg :
_bLexisNexis,
_c1997
300 _bxiv, 15-58 pages;
_c24.8 cm
500 _aIncludes index
650 _aCivil Procedure
650 _aCivil Practice
650 _aLaw Practice
942 _cBK
_6ALISON_BN_VRIES
999 _c4
_d4